000 00342nam a22001457a 4500
999 _c9074
_d9074
003 OSt
008 200715b ||||| |||| 00| 0 eng d
100 _aJain , N.K
245 _aPharmaceutical Jurisprudence
250 _a4th2018
260 _aNew Delhi
_bVallabh
300 _a160
650 _aPharmaceutical Jurisprudence
942 _2ddc
_cBK